书目信息 |
| 题名: |
列子译注
|
|
| 作者: | 严北溟 , 严捷 译注 | |
| 分册: | ||
| 出版信息: | 上海 上海古籍出版社 1986.09 |
|
| 页数: | 235页 | |
| 开本: | 21cm | |
| 丛书名: | ||
| 单 册: | ||
| 中图分类: | B223.2 | |
| 科图分类: | ||
| 主题词: | 列御冠--哲学 , 列御冠 | |
| 电子资源: | ||
| ISBN: | ||
| 000 | 00600nam0 2200229 45 | |
| 001 | 0505190891 | |
| 005 | 20050519141754.0 | |
| 010 | @dCNY1.70 | |
| 091 | @a2186.10 | |
| 100 | @a20050519d1986 km y0chiy0120 ea | |
| 101 | 0 | @achi |
| 105 | @a z 000yy | |
| 200 | 1 | @a列子译注@ALie Zi Yi Zhu@f严北溟,严捷译注@FYan Bei Ming,Yan Jie Yi Zhu |
| 210 | @a上海@c上海古籍出版社@d1986.09 | |
| 215 | @a235页@d21cm | |
| 606 | 0 | @a列御冠@x哲学 |
| 606 | 0 | @a列御冠 |
| 690 | @aB223.2@v3 | |
| 701 | 0 | @a严北溟@4译注 |
| 701 | 0 | @a严捷@4译注 |
| 801 | @aCN@bPftUser@c20050519 | |
| 905 | @f1@b257677@dB223.2@e141 | |
| 列子译注/严北溟,严捷译注.-上海:上海古籍出版社,1986.09 |
| 235页;21cm |
| ISBN :CNY1.70 |
| ● |
| 相关链接 |
|
|
|
|
正题名:列子译注
索取号:B223.2/141
 
预约/预借
| 序号 | 登录号 | 条形码 | 馆藏地/架位号 | 状态 | 备注 |
| 1 | 0257677 | 000507099 | 第一样本阅览室/ [索取号:B223.2/141] | 在馆 |